| 000 | 00817 a2200217 4500 | ||
|---|---|---|---|
| 999 |
_c5099 _d5099 |
||
| 020 | _a9780415592246 (pbk. : alk. paper) | ||
| 020 | _a9780415592239 (hardback : alk. paper) | ||
| 020 | _a9780203155189 (ebook) | ||
| 050 | 0 | 0 | _aLC 3986 WEA 2012 |
| 100 | 1 |
_aWearmouth, Janice. _eAuthor |
|
| 245 | 1 | 0 |
_aSpecial educational needs, the basics / _cJanice Wearmouth. |
| 264 |
_aNew York: _bRoutledge Francis Taylor Group, _c2012 |
||
| 300 |
_axi, 213 p. : _bill. ; |
||
| 500 | _aIncludes bibliographical references. | ||
| 504 | _aIncludes bibliographical references. | ||
| 650 | 0 | _aSpecial education | |
| 650 | 0 |
_aChildren with disabilities _xEducation |
|
| 650 | 0 | _aMainstreaming in education | |
| 942 |
_2lcc _cBK _h3986 _iWEA _kLC |
||